000 00895nam a2200325Ia 4500
003 OSt
005 20220912150806.0
006 a|||||r|||| 00| 0
007 ta
008 220909b |||||||| |||| 00| 0 eng d
020 _a981022575X (pbk)
024 _a9556
037 _bResearchco,
037 _cTextual
040 _aCSL
_beng
_cCSL
041 _aeng
082 _aCN1:(B316), N3
100 _aKauffman Louis H
245 0 _aQuantum Topology
260 _aSingapore
_bWorld Scientific
_c1993
300 _axii, 375p
490 _aSeries on knots and everything; 3
500 _aIncludes bibliographical references.
650 _a Knot theory
650 _a Quantum topology
650 _aPhysics
700 _a Baadhio Randy A
942 _hCN1:(B316), N3
_cTEXL
_2CC
999 _c55091
_d55091